000 00600nam a2200229Ia 4500
003 OSt
005 20221007071649.0
006 a|||||r|||| 00| 0
007 ta
008 221006b |||||||| |||| 00| 0 eng d
024 _a16,659
037 _cTextual
040 _aFLL
_cFLL
_beng
041 _2eng
_aeng
082 _aY1:4:62.3, K3
100 _aMorris Terence Au.
_9689173
245 0 _aPentonville
260 _aLondon
_bFrank Cass & Co. England
_c1963
300 _axv,398p
_ccm.
942 _hY1:4:62.3, K3
_cTEXL
_2CC
999 _c1143920
_d1143920